000 00747nam a2200229 i 4500
001 129158
003 ES-MaACL
005 20230906193440.0
007 t|
008 070607s1968 sp ||||1| spa d
080 _a711.416(464.1M.)
100 1 _aTerán, Fernando de.
_9109723
245 1 0 _aAntecedentes de un urbanismo actual :
_bla Ciudad Lineal /
_cFernando de Terán.
260 _a[Madrid :
_bCiencia Nueva,
_c1968]
300 _a81 p. ;
_c17 cm.
490 1 _aCuadernos de Ciencia Nueva ;
_v7
650 _aUrbanismo-
_zCiudad Lineal (Madrid, Distrito)
_917698
651 _aCiudad Lineal (Madrid, Distrito)
_9145210
830 1 _aCuadernos de Ciencia Nueva ;
_v7
_9219326
852 4 _aES-MaACL
_jC-20294
999 _c129158
_d129158